Monoklonové protilátky proti ľahkým reťazcom ľudského srdcového myozínu : Obh. 10.3.1993 CHTF STU /
Gespeichert in:
| 1. Verfasser: | |
|---|---|
| Format: | Manuskript Buch |
| Sprache: | Slowakisch |
| Veröffentlicht: |
Bratislava :
Ústav molekulárnej fyziológie a genetiky SAV,
1992
|
| Tags: |
Keine Tags, Fügen Sie das erste Tag hinzu!
|
MARC
| LEADER | 00000ntm a22000003a 4500 | ||
|---|---|---|---|
| 001 | stu21281 | ||
| 005 | 20150617225750.1 | ||
| 008 | 930512s1992----cs------------------slo-d | ||
| 040 | |a STU |b slo | ||
| 041 | 0 | |a slo | |
| 044 | |a cs | ||
| 080 | |a 616.13+577(043.3) | ||
| 100 | 1 | |a Straková, Zuzana |4 aut | |
| 245 | 1 | |a Monoklonové protilátky proti ľahkým reťazcom ľudského srdcového myozínu : |b Obh. 10.3.1993 CHTF STU / |c [aut.]Straková,Zuzana | |
| 260 | |a Bratislava : |b Ústav molekulárnej fyziológie a genetiky SAV, |c 1992 | ||
| 300 | |a 122 s : |b Obr.,grafy,lit | ||
| 996 | |b CKD241 |c C*KD241 |l CCI |s A |a 24 |w stu21281_0001 | ||